Responses for Show #7228 - Wednesday, February 3, 2016

2016 College Championship quarterfinal game 3.

Contestants

[<< previous game]

Michael Sieja, a sophomore at Mississippi State University from Huntsville, Alabama

Amanda Rosner, a freshman at Northwestern University from Sandy Springs, Georgia

Sam Deutsch, a junior at the University of Southern California from Bethesda, Maryland

[next game >>]

Jeopardy! Round responses

HAIL TO THE CHIEF
PREFIX IT FOR ME
DOGGING IT
TV FAMILY RELATIONSHIPS
GOING UNDERWATER
I NEED A SUB
    $200 1
(Ulysses) Grant

Amanda
    $200 6
hyper-

Sam
    $200 11
a Chihuahua

Sam
    $200 8
wife (married accepted)

Michael
    $200 17
Pearl Harbor

Sam
    $200 25
Subway

Sam
    $400 2
(Amanda: Who is Kennedy?)

Johnson (LBJ)

AmandaMichael
    $400 7
semi-

Amanda
    $400 12
a beagle

Amanda
    $400 9
sister

Sam
    $400 21
the flood

Michael
    $400 27
tuna

Sam
    $600 3
(Amanda: Who is Roosevelt?)

(John) Adams

SamAmanda
    $600 10
over-

Triple Stumper
    $600 13
(Michael: What is border collie?)

a collie

Michael
Triple Stumper
    $600 14
daughter

Amanda
    $600 20
seaweed

Triple Stumper
    $600 30
[Michael gives his response singsongy, somewhat in the manner of the TV ad.]

chicken parm

Michael
    $800 4
Truman

Michael
    $800 24
(Sam: Um, what is ad-?)

super-

SamAmanda
    $2,000 22
(Michael: What is a pointer?)

a boxer

Michael
    $800 15
grandson

Sam
    $800 19
a rudder

Michael
    $800 29
hoagie

Amanda
    $1000 5
Buchanan

Amanda
    $1000 26
anti-

Michael
    $1000 23
a pug

Amanda
    $1000 16
mother-in-law

Amanda
    $1000 18
(Amanda: What is self-controlled?)

self-contained

SamAmanda
    $1000 28
provolone

Michael

Scores at the first commercial break (after clue 16):

Sam Amanda Michael
$2,200 $2,600 $800

Scores at the end of the Jeopardy! Round:

Sam Amanda Michael
$3,200 $4,200 $2,600

Double Jeopardy! Round responses

LET'S GET DOWN TO BUSINESS
KNOW THY BIBLE
LOST IN SPACE
STUFF HAPPENS
REACH FOR THE TOP
"ADD"/"DROP"
    $400 6
the Koch brothers

Amanda
    $400 21
Jesus Christ

Triple Stumper
    $400 1
Sandra Bullock

Michael
    $400 11
famine

Michael
    $400 16
Everest

Sam
    $400 22
Aladdin

Sam
    $800 7
Pfizer

Amanda
    $800 27
(Sam: Who is Sarah?)

Eve

SamAmanda
    $800 2
Interstellar

Michael
    $800 12
a summit

Michael
    $2,000 17
Rhodes

Sam
    $800 23
(Michael: No.)

a drop cloth

AmandaMichael
    $1200 8
(Steve) Wozniak

Sam
    $1200 28
Leviticus

Amanda
    $1200 3
Star Trek: Into Darkness

Michael
    $3,000 13
(Michael: What is Passover?)

All Saints' Day

Michael
    $1200 18
Indonesia

Michael
    $1200 24
addiction

Triple Stumper
    $1600 9
U-Haul

Michael
    $1600 30
(Alex: Aaron and his brother... [*].)

Moses

Triple Stumper
    $1600 4
Man of Steel

Michael
    $1600 14
the Iran hostage crisis

Sam
    $1600 19
(Michael: What are the Dolomites?)
(Amanda: What are the Urals?)

Apennines

AmandaMichael
Triple Stumper
    $1600 26
backdrop

Sam
    $2000 10
Twitter

Triple Stumper
    $2000 29
Lazarus

Michael
    $2000 5
Jupiter

Sam
    $2000 15
Nigeria

Sam
    $2000 20
Quebec

Triple Stumper
    $2000 25
a paddock

Triple Stumper

Scores at the end of the Double Jeopardy! Round:

Sam Amanda Michael
$13,600 $6,600 $7,200

Final Jeopardy! Round responses

MOMENTS IN HISTORY
AmandaWhat is Revolution?
$6,600
MichaelWhat is Revolution?
$7,200
SamWhat is Revolution
$801
Revolution

Final scores:

Sam Amanda Michael
$14,401 $13,200 $14,400
Automatic semifinalist 3rd place: $5,000 if eliminated 2nd place: $5,000 if eliminated

Game dynamics:

Coryat scores:

Sam Amanda Michael
$12,400 $6,600 $12,200
17 R
(including 1 DD),
2 W
14 R,
4 W
17 R,
5 W
(including 2 DDs)

Combined Coryat: $31,200

[game clues] [game scores] [suggest correction]

Game tape date: 2016-01-05
The J! Archive is created by fans, for fans. Scraping, republication, monetization, and malicious use prohibited; this site may use cookies and collect identifying information. See terms. The Jeopardy! game show and all elements thereof, including but not limited to copyright and trademark thereto, are the property of Jeopardy Productions, Inc. and are protected under law. This website is not affiliated with, sponsored by, or operated by Jeopardy Productions, Inc. Join the discussion at JBoard.tv.